000 00282nam a2200121Ia 4500
008 201214s9999 xx 000 0 und d
100 _aMartin, James
245 0 _aTelecommunications and The Computer
260 _aNew Jersey
260 _bPrentice-Hall
300 _a0
942 _cBK
999 _c5848
_d5848